[Event "3rd Memorial Warakomska 2019"]
[Site "Suwalki"]
[Date "2019.08.06"]
[Round "2.40"]
[White "Kiolbasa, Oliwia"]
[Black "Hoffmann, Yair"]
[Result "0-1"]
[WhiteElo "2239"]
[BlackElo "2099"]
[Annotator "NA"]
[PlyCount "98"]
[EventDate "2019.08.05"]
[EventType "swiss"]
[EventCountry "POL"]
[SourceTitle "playchess.com"]
[Source "ChessBase"]
[SourceQuality "1"]
[TimeControl "40/5400+30:1800+30"]

1. e4 {[%emt 0:00:00]} c6 {[%emt 0:00:00]} 2. d4 {[%emt 0:00:03]} d5 {[%emt 0:00:10]} 3. e5 {[%emt 0:00:21]} Bf5 {[%emt 0:00:21]} 4. Nd2 {[%emt 0:00:23]} e6 {[%emt 0:00:33]} 5. Nb3 {[%emt 0:00:20]} Nd7 {[%emt 0:00:30]} 6. Nf3 {[%emt 0:00:28]} Ne7 {[%emt 0:00:30]} 7. Be2 {[%emt 0:00:22]} h6 {[%emt 0:01:02]} 8. O-O {[%emt 0:00:44]} g5 {[%emt 0:05:02]} 9. Ne1 {[%emt 0:00:15]} Qc7 {[%emt 0:01:01]} 10. Nd3 {[%emt 0:01:10]} Ng6 {[%emt 0:01:35]} 11. Be3 {[%emt 0:03:17]} O-O-O {[%emt 0:01:29]} 12. a4 {[%emt 0:35:41]} Kb8 {[%emt 0:01:49]} 13. a5 {[%emt 0:01:19]} a6 {[%emt 0:00:31]} 14. f4 {[%emt 0:10:15]} c5 {[%emt 0:05:00]} 15. dxc5 {[%emt 0:11:31]} gxf4 {[%emt 0:05:53]} 16. Nxf4 {[%emt 0:02:26]} Nxf4 {[%emt 0:08:39]} 17. Bxf4 {[%emt 0:00:44]} Nxc5 {[%emt 0:03:40]} 18. Nd4 {[%emt 0:03:56]} Bg6 {[%emt 0:01:57]} 19. Bh5 {[%emt 0:11:04]} Re8 {[%emt 0:04:43]} 20. Bxg6 {[%emt 0:03:27]} fxg6 {[%emt 0:00:19]} 21. Qg4 {[%emt 0:00:07]} g5 {[%emt 0:12:23]} 22. Bg3 {[%emt 0:01:22]} Bg7 {[%emt 0:00:21]} 23. Rae1 {[%emt 0:08:52]} Ne4 {[%emt 0:00:49]} 24. c3 {[%emt 0:00:47]} h5 {[%emt 0:01:48]} 25. Qe2 {[%emt 0:00:04]} h4 {[%emt 0:00:37]} 26. Bf2 {[%emt 0:00:06]} Bxe5 {[%emt 0:00:42]} 27. Nf3 {[%emt 0:00:40]} Bd6 {[%emt 0:00:57]} 28. Bb6 {[%emt 0:00:58]} Qg7 {[%emt 0:04:00]} 29. Nd2 {[%emt 0:02:51]} Ng3 {[%emt 0:04:52]} 30. hxg3 {[%emt 0:00:36]} hxg3 {[%emt 0:00:04]} 31. Qg4 {[%emt 0:00:10]} Rh4 {[%emt 0:00:19]} 32. Rxe6 {[%emt 0:00:18]} Qd7 {[%emt 0:16:47]} 33. Rfe1 {[%emt 0:00:05]} Rc8 {[%emt 0:04:12]} 34. Qxg5 {[%emt 0:01:30]} Qh7 {[%emt 0:01:17]} 35. Qxh4 {[%emt 0:00:36]} Qxh4 {[%emt 0:00:28]} 36. Nf3 {[%emt 0:00:34]} Qf4 {[%emt 0:01:03]} 37. Re8 {[%emt 0:00:27]} Qf5 {[%emt 0:01:10]} 38. R1e6 {[%emt 0:00:37]} Bc7 {[%emt 0:00:37]} 39. Bd4 {[%emt 0:00:29]} Bxa5 {[%emt 0:01:12]} 40. Re5 {[%emt 0:00:00]} Qg6 {[%emt 0:00:00]} 41. R8e6 {[%emt 0:26:43]} Qb1+ {[%emt 0:06:27]} 42. Re1 {[%emt 0:01:04]} Qxb2 {[%emt 0:00:21]} 43. Be5+ {[%emt 0:00:53]} Bc7 {[%emt 0:01:47]} 44. Bd4 {[%emt 0:00:24]} Qb5 {[%emt 0:00:48]} 45. Rd1 {[%emt 0:01:19]} Re8 {[%emt 0:02:02]} 46. Rg6 {[%emt 0:00:14]} Bf4 {[%emt 0:01:18]} 47. Rb6 {[%emt 0:01:17]} Qe2 {[%emt 0:00:32]} 48. Rdb1 {[%emt 0:00:14]} Be3+ {[%emt 0:01:42]} 49. Kh1 {[%emt 0:00:04]} Bxd4 {[%emt 0:00:06]} 0-1

[Event "3rd Memorial Warakomska 2019"]
[Site "Suwalki"]
[Date "2019.08.06"]
[Round "2.41"]
[White "Szczurek, Krzysztof"]
[Black "Czopor, Maciej"]
[Result "0-1"]
[WhiteElo "2104"]
[BlackElo "2250"]
[Annotator "NA"]
[PlyCount "120"]
[EventDate "2019.08.05"]
[EventType "swiss"]
[EventCountry "POL"]
[SourceTitle "playchess.com"]
[Source "ChessBase"]
[SourceQuality "1"]
[TimeControl "40/5400+30:1800+30"]

1. Nf3 {[%emt 0:00:00]} Nf6 {[%emt 0:00:00]} 2. g3 {[%emt 0:00:00]} d5 {[%emt 0:00:00]} 3. Bg2 {[%emt 0:00:00]} c5 {[%emt 0:00:00]} 4. O-O {[%emt 0:00:03]} e6 {[%emt 0:00:25]} 5. c3 {[%emt 0:01:07]} Nc6 {[%emt 0:00:47]} 6. d4 {[%emt 0:00:18]} Be7 {[%emt 0:02:01]} 7. Nbd2 {[%emt 0:04:06]} O-O {[%emt 0:02:14]} 8. dxc5 {[%emt 0:03:20]} a5 {[%emt 0:06:00]} 9. Qc2 {[%emt 0:02:30]} Bxc5 {[%emt 0:04:18]} 10. e4 {[%emt 0:01:12]} a4 {[%emt 0:01:14]} 11. exd5 {[%emt 0:01:19]} exd5 {[%emt 0:00:21]} 12. b4 {[%emt 0:08:13]} axb3 {[%emt 0:02:48]} 13. Nxb3 {[%emt 0:00:09]} Bb6 {[%emt 0:00:53]} 14. Bf4 {[%emt 0:03:33]} Bg4 {[%emt 0:04:09]} 15. Nfd4 {[%emt 0:08:54]} Qc8 {[%emt 0:03:17]} 16. Qd3 {[%emt 0:04:49]} Re8 {[%emt 0:03:11]} 17. Rfc1 {[%emt 0:06:46]} Ne5 {[%emt 0:10:08]} 18. Bxe5 {[%emt 0:05:12]} Rxe5 {[%emt 0:00:32]} 19. c4 {[%emt 0:00:16]} dxc4 {[%emt 0:02:40]} 20. Rxc4 {[%emt 0:00:16]} Qd7 {[%emt 0:04:43]} 21. Qc2 {[%emt 0:02:43]} Rae8 {[%emt 0:02:51]} 22. Qd2 {[%emt 0:08:17]} h5 {[%emt 0:04:41]} 23. Rcc1 {[%emt 0:02:57]} Rd8 {[%emt 0:14:29]} 24. Rc4 {[%emt 0:01:38]} Be6 {[%emt 0:11:33]} 25. Rb4 {[%emt 0:00:22]} Qd6 {[%emt 0:01:15]} 26. Rf1 {[%emt 0:20:35]} Ne4 {[%emt 0:15:21]} 27. Bxe4 {[%emt 0:10:53]} Rxe4 {[%emt 0:00:01]} 28. Nxe6 {[%emt 0:00:09]} Qxe6 {[%emt 0:01:11]} 29. Rxe4 {[%emt 0:01:33]} Qxe4 {[%emt 0:00:08]} 30. Qf4 {[%emt 0:02:04]} Qxf4 {[%emt 0:00:37]} 31. gxf4 {[%emt 0:00:05]} Ra8 {[%emt 0:00:31]} 32. Nc1 {[%emt 0:00:30]} Ra4 {[%emt 0:00:57]} 33. Kg2 {[%emt 0:00:43]} Rxf4 {[%emt 0:00:33]} 34. Nd3 {[%emt 0:00:31]} Rg4+ {[%emt 0:00:37]} 35. Kf3 {[%emt 0:00:27]} Rd4 {[%emt 0:00:27]} 36. Nf4 {[%emt 0:00:38]} g6 {[%emt 0:00:37]} 37. Rb1 {[%emt 0:00:17]} Bc7 {[%emt 0:00:40]} 38. Ne2 {[%emt 0:01:43]} Rd3+ {[%emt 0:00:05]} 39. Kg2 {[%emt 0:00:07]} b6 {[%emt 0:00:42]} 40. Rc1 {[%emt 0:00:00]} Be5 {[%emt 0:00:00]} 41. a4 {[%emt 0:06:53]} Rd2 {[%emt 0:05:23]} 42. Nc3 {[%emt 0:04:16]} Rd4 {[%emt 0:01:24]} 43. h3 {[%emt 0:02:45]} Rc4 {[%emt 0:00:53]} 44. Ne2 {[%emt 0:00:09]} Rxa4 {[%emt 0:00:08]} 45. Rb1 {[%emt 0:00:34]} Ra2 {[%emt 0:01:13]} 46. Kf3 {[%emt 0:00:28]} Rb2 {[%emt 0:01:30]} 47. Rd1 {[%emt 0:00:11]} b5 {[%emt 0:01:46]} 48. Rd5 {[%emt 0:00:21]} Bf6 {[%emt 0:00:16]} 49. Nc1 {[%emt 0:00:18]} b4 {[%emt 0:02:12]} 50. Rb5 {[%emt 0:01:09]} Rb1 {[%emt 0:01:55]} 51. Nd3 {[%emt 0:00:31]} b3 {[%emt 0:00:11]} 52. Rb6 {[%emt 0:00:46]} Kg7 {[%emt 0:00:38]} 53. Kg3 {[%emt 0:00:19]} b2 {[%emt 0:00:48]} 54. Kg2 {[%emt 0:00:05]} h4 {[%emt 0:02:03]} 55. Rb4 {[%emt 0:01:00]} Bc3 {[%emt 0:01:36]} 56. Rb6 {[%emt 0:00:14]} Bd4 {[%emt 0:00:24]} 57. Rb4 {[%emt 0:00:08]} Rd1 {[%emt 0:03:31]} 58. Nxb2 {[%emt 0:00:07]} Rd2 {[%emt 0:00:07]} 59. Nc4 {[%emt 0:00:07]} Rxf2+ {[%emt 0:00:12]} 60. Kh1 {[%emt 0:00:05]} g5 {[%emt 0:01:59]} 0-1

[Event "3rd Memorial Warakomska 2019"]
[Site "Suwalki"]
[Date "2019.08.06"]
[Round "2.42"]
[White "Jaroch, Karol"]
[Black "Advait, Bagri"]
[Result "1-0"]
[WhiteElo "2221"]
[BlackElo "1968"]
[Annotator "NA"]
[PlyCount "91"]
[EventDate "2019.08.05"]
[EventType "swiss"]
[EventCountry "POL"]
[SourceTitle "playchess.com"]
[Source "ChessBase"]
[SourceQuality "1"]
[TimeControl "40/5400+30:1800+30"]

1. e4 {[%emt 0:00:00]} e5 {[%emt 0:02:56]} 2. Nf3 {[%emt 0:00:00]} Nc6 {[%emt 0:00:52]} 3. Bc4 {[%emt 0:00:00]} Nf6 {[%emt 0:00:12]} 4. d3 {[%emt 0:00:00]} Be7 {[%emt 0:00:09]} 5. Nc3 {[%emt 0:00:13]} d6 {[%emt 0:01:58]} 6. Be3 {[%emt 0:15:13]} Na5 {[%emt 0:06:48]} 7. h3 {[%emt 0:00:23]} a6 {[%emt 0:02:22]} 8. a3 {[%emt 0:08:19]} Nxc4 {[%emt 0:06:20]} 9. dxc4 {[%emt 0:04:57]} Bd7 {[%emt 0:00:30]} 10. Qd3 {[%emt 0:00:22]} O-O {[%emt 0:09:21]} 11. g4 {[%emt 0:01:39]} b5 {[%emt 0:05:34]} 12. c5 {[%emt 0:00:14]} dxc5 {[%emt 0:04:35]} 13. g5 {[%emt 0:02:38]} Nh5 {[%emt 0:08:21]} 14. Nxe5 {[%emt 0:01:12]} Be8 {[%emt 0:00:56]} 15. O-O-O {[%emt 0:18:17]} Qb8 {[%emt 0:09:18]} 16. Qe2 {[%emt 0:01:17]} f5 {[%emt 0:05:45]} 17. Nd7 {[%emt 0:01:04]} Bxd7 {[%emt 0:00:09]} 18. Rxd7 {[%emt 0:00:06]} Qe8 {[%emt 0:00:07]} 19. Rxe7 {[%emt 0:00:53]} Qxe7 {[%emt 0:00:11]} 20. Qxh5 {[%emt 0:00:10]} f4 {[%emt 0:05:27]} 21. g6 {[%emt 0:00:14]} hxg6 {[%emt 0:01:02]} 22. Qd5+ {[%emt 0:00:21]} Qf7 {[%emt 0:00:30]} 23. Bxc5 {[%emt 0:00:51]} Rfe8 {[%emt 0:00:30]} 24. f3 {[%emt 0:00:29]} c6 {[%emt 0:00:29]} 25. Qxf7+ {[%emt 0:02:17]} Kxf7 {[%emt 0:00:47]} 26. Ne2 {[%emt 0:00:05]} g5 {[%emt 0:00:37]} 27. Rg1 {[%emt 0:00:03]} Rh8 {[%emt 0:02:09]} 28. Rxg5 {[%emt 0:00:10]} Rxh3 {[%emt 0:00:12]} 29. Rf5+ {[%emt 0:00:28]} Kg8 {[%emt 0:00:17]} 30. Rxf4 {[%emt 0:00:07]} Rh1+ {[%emt 0:00:59]} 31. Kd2 {[%emt 0:00:30]} Rd8+ {[%emt 0:00:09]} 32. Kc3 {[%emt 0:00:32]} a5 {[%emt 0:04:42]} 33. Nd4 {[%emt 0:01:02]} Rh6 {[%emt 0:00:47]} 34. b4 {[%emt 0:00:49]} axb4+ {[%emt 0:00:14]} 35. axb4 {[%emt 0:00:04]} Ra8 {[%emt 0:02:41]} 36. e5 {[%emt 0:00:32]} Re8 {[%emt 0:03:14]} 37. e6 {[%emt 0:00:24]} Rhxe6 {[%emt 0:00:57]} 38. Nxe6 {[%emt 0:00:05]} Rxe6 {[%emt 0:00:10]} 39. Re4 {[%emt 0:01:12]} Rf6 {[%emt 0:00:08]} 40. f4 {[%emt 0:00:00]} Kf7 {[%emt 0:00:00]} 41. Re7+ {[%emt 0:01:06]} Kg6 {[%emt 0:00:33]} 42. Bd4 {[%emt 0:00:04]} Rxf4 {[%emt 0:00:16]} 43. Rxg7+ {[%emt 0:00:05]} Kh5 {[%emt 0:00:26]} 44. Rc7 {[%emt 0:00:09]} Rf3+ {[%emt 0:00:08]} 45. Kb2 {[%emt 0:00:15]} Rf4 {[%emt 0:00:06]} 46. c3 {[%emt 0:00:03]} 1-0

[Event "3rd Memorial Warakomska 2019"]
[Site "Suwalki"]
[Date "2019.08.06"]
[Round "2.43"]
[White "Klimkowski, Jan"]
[Black "Dzhuguryan, Tygran"]
[Result "1/2-1/2"]
[WhiteElo "1985"]
[BlackElo "2230"]
[Annotator "NA"]
[PlyCount "118"]
[EventDate "2019.08.05"]
[EventType "swiss"]
[EventCountry "POL"]
[SourceTitle "playchess.com"]
[Source "ChessBase"]
[SourceQuality "1"]
[TimeControl "40/5400+30:1800+30"]

1. e4 {[%emt 0:00:00]} c6 {[%emt 0:00:00]} 2. d4 {[%emt 0:00:00]} d5 {[%emt 0:00:00]} 3. exd5 {[%emt 0:00:00]} cxd5 {[%emt 0:00:00]} 4. c4 {[%emt 0:00:00]} Nf6 {[%emt 0:00:06]} 5. Nc3 {[%emt 0:00:09]} g6 {[%emt 0:02:07]} 6. Qb3 {[%emt 0:00:29]} Bg7 {[%emt 0:00:06]} 7. cxd5 {[%emt 0:00:13]} O-O {[%emt 0:00:03]} 8. Be2 {[%emt 0:00:10]} Nbd7 {[%emt 0:01:35]} 9. Bf3 {[%emt 0:00:18]} Nb6 {[%emt 0:00:36]} 10. Nge2 {[%emt 0:00:53]} Bg4 11. Bxg4 {[%emt 0:00:11]} Nxg4 {[%emt 0:02:35]} 12. a4 {[%emt 0:00:17]} Qc7 {[%emt 0:03:54]} 13. a5 {[%emt 0:03:34]} Qc4 {[%emt 0:00:39]} 14. Ra3 {[%emt 0:03:35]} Qxb3 {[%emt 0:07:35]} 15. Rxb3 {[%emt 0:00:08]} Nc4 {[%emt 0:00:04]} 16. Rxb7 {[%emt 0:02:26]} Rfb8 {[%emt 0:05:08]} 17. Rxe7 {[%emt 0:04:09]} Nxb2 {[%emt 0:00:55]} 18. O-O {[%emt 0:02:04]} Bf8 {[%emt 0:04:28]} 19. Rc7 {[%emt 0:03:05]} Nd3 {[%emt 0:00:45]} 20. h3 {[%emt 0:04:01]} Nxc1 {[%emt 0:00:42]} 21. Rxc1 {[%emt 0:00:50]} Nf6 {[%emt 0:00:04]} 22. Rc6 {[%emt 0:03:39]} Kg7 {[%emt 0:01:20]} 23. Nf4 {[%emt 0:02:55]} Rb4 {[%emt 0:05:12]} 24. Rd1 {[%emt 0:03:45]} Rd8 {[%emt 0:04:01]} 25. Rc7 {[%emt 0:02:57]} Rd7 {[%emt 0:03:33]} 26. Rxd7 {[%emt 0:01:21]} Nxd7 {[%emt 0:00:02]} 27. Rc1 {[%emt 0:08:00]} Rxd4 {[%emt 0:01:29]} 28. Nce2 {[%emt 0:03:21]} Rd2 {[%emt 0:05:24]} 29. Rc7 {[%emt 0:04:39]} Nc5 {[%emt 0:00:36]} 30. h4 {[%emt 0:07:33]} Bd6 {[%emt 0:01:58]} 31. Rxa7 {[%emt 0:04:11]} Rd1+ {[%emt 0:00:26]} 32. Kh2 {[%emt 0:00:05]} Nd3 {[%emt 0:00:07]} 33. g3 {[%emt 0:00:51]} Nxf4 {[%emt 0:02:54]} 34. Nxf4 {[%emt 0:00:10]} Bxf4 {[%emt 0:00:05]} 35. gxf4 {[%emt 0:00:07]} Rxd5 {[%emt 0:00:04]} 36. Kg2 {[%emt 0:01:06]} Kf6 {[%emt 0:00:11]} 37. Kf3 {[%emt 0:02:06]} Rh5 {[%emt 0:00:08]} 38. Kg3 {[%emt 0:01:04]} Rb5 {[%emt 0:00:13]} 39. f3 {[%emt 0:00:58]} Rb2 {[%emt 0:00:19]} 40. Ra6+ {[%emt 0:00:00]} Kf5 {[%emt 0:00:00]} 41. Rb6 {[%emt 0:00:59]} Ra2 {[%emt 0:00:14]} 42. Rb5+ {[%emt 0:00:09]} Kf6 {[%emt 0:00:02]} 43. h5 {[%emt 0:01:08]} gxh5 {[%emt 0:00:23]} 44. Rxh5 {[%emt 0:00:12]} Kg6 {[%emt 0:00:07]} 45. Rg5+ {[%emt 0:01:10]} Kf6 {[%emt 0:00:12]} 46. Rb5 {[%emt 0:00:04]} Kg6 {[%emt 0:00:56]} 47. Rb6+ {[%emt 0:01:10]} f6 {[%emt 0:01:38]} 48. Rb5 {[%emt 0:02:12]} Rc2 {[%emt 0:00:42]} 49. f5+ {[%emt 0:02:15]} Kh5 {[%emt 0:01:12]} 50. Rb1 {[%emt 0:06:00]} Ra2 {[%emt 0:00:08]} 51. Rh1+ {[%emt 0:00:13]} Kg5 {[%emt 0:00:19]} 52. Rxh7 {[%emt 0:00:05]} Ra3 {[%emt 0:01:29]} 53. Rh8 {[%emt 0:01:43]} Ra2 {[%emt 0:00:11]} 54. Ra8 {[%emt 0:00:50]} Kxf5 {[%emt 0:00:18]} 55. a6 {[%emt 0:01:18]} Ra4 {[%emt 0:00:11]} 56. a7 {[%emt 0:01:07]} Ra2 {[%emt 0:00:08]} 57. Kh3 {[%emt 0:01:46]} Ra3 {[%emt 0:01:40]} 58. Kh4 Ra4+ 59. Kh5 Ra2 1/2-1/2

[Event "3rd Memorial Warakomska 2019"]
[Site "Suwalki"]
[Date "2019.08.06"]
[Round "2.44"]
[White "Bukojemski, Adam"]
[Black "Bommini Mounika Akshaya"]
[Result "1/2-1/2"]
[WhiteElo "2225"]
[BlackElo "2063"]
[Annotator "NA"]
[PlyCount "143"]
[EventDate "2019.08.05"]
[EventType "swiss"]
[EventCountry "POL"]
[SourceTitle "playchess.com"]
[Source "ChessBase"]
[SourceQuality "1"]
[TimeControl "40/5400+30:1800+30"]

1. e4 {[%emt 0:00:00]} e5 {[%emt 0:00:00]} 2. Nf3 {[%emt 0:00:00]} Nc6 {[%emt 0:00:00]} 3. Bc4 {[%emt 0:00:00]} Nf6 {[%emt 0:00:00]} 4. d3 {[%emt 0:00:01]} Be7 {[%emt 0:00:00]} 5. O-O {[%emt 0:01:01]} O-O {[%emt 0:00:02]} 6. Re1 {[%emt 0:00:30]} d6 {[%emt 0:00:08]} 7. a4 {[%emt 0:00:11]} Na5 {[%emt 0:00:16]} 8. Ba2 {[%emt 0:00:16]} c5 {[%emt 0:00:06]} 9. Nbd2 {[%emt 0:00:42]} Nc6 {[%emt 0:00:36]} 10. c3 {[%emt 0:00:36]} Be6 {[%emt 0:09:04]} 11. Nf1 {[%emt 0:01:16]} h6 {[%emt 0:10:48]} 12. Ng3 {[%emt 0:02:57]} Re8 {[%emt 0:01:53]} 13. Bb1 {[%emt 0:32:54]} Bf8 {[%emt 0:03:00]} 14. d4 {[%emt 0:01:24]} cxd4 {[%emt 0:00:49]} 15. cxd4 {[%emt 0:00:08]} Bg4 {[%emt 0:02:27]} 16. d5 {[%emt 0:00:50]} Nd4 {[%emt 0:05:59]} 17. Be3 {[%emt 0:00:32]} Nxf3+ {[%emt 0:01:29]} 18. gxf3 {[%emt 0:00:02]} Bh3 {[%emt 0:00:40]} 19. Kh1 {[%emt 0:04:27]} g6 {[%emt 0:04:35]} 20. a5 {[%emt 0:00:32]} h5 {[%emt 0:11:13]} 21. Rg1 {[%emt 0:01:35]} Kh7 {[%emt 0:02:27]} 22. Ne2 {[%emt 0:20:02]} Be7 {[%emt 0:12:27]} 23. Qb3 {[%emt 0:03:05]} Qd7 {[%emt 0:07:37]} 24. Bd3 {[%emt 0:00:19]} a6 {[%emt 0:02:11]} 25. Ra4 {[%emt 0:02:58]} Rac8 {[%emt 0:03:18]} 26. Rb4 {[%emt 0:00:38]} Rc7 {[%emt 0:00:15]} 27. Bb6 {[%emt 0:06:12]} Rcc8 {[%emt 0:00:06]} 28. Be3 {[%emt 0:02:13]} Rc7 {[%emt 0:00:05]} 29. Rc1 {[%emt 0:03:37]} Rec8 {[%emt 0:02:22]} 30. Rxc7 {[%emt 0:00:31]} Rxc7 {[%emt 0:00:24]} 31. Nc3 {[%emt 0:00:14]} h4 {[%emt 0:03:34]} 32. Qa4 {[%emt 0:05:30]} Qxa4 {[%emt 0:04:29]} 33. Nxa4 {[%emt 0:00:47]} Nh5 {[%emt 0:05:15]} 34. Rc4 {[%emt 0:03:34]} Rxc4 {[%emt 0:01:00]} 35. Bxc4 {[%emt 0:00:01]} g5 {[%emt 0:01:00]} 36. b4 {[%emt 0:01:30]} Nf4 {[%emt 0:03:02]} 37. Kg1 {[%emt 0:05:05]} Bd7 {[%emt 0:03:56]} 38. Nb6 {[%emt 0:00:02]} Be8 {[%emt 0:00:29]} 39. Nc8 {[%emt 0:00:21]} Bf8 {[%emt 0:00:08]} 40. Na7 {[%emt 0:00:00]} Kg6 {[%emt 0:00:00]} 41. Bb6 {[%emt 0:10:31]} Ba4 {[%emt 0:13:13]} 42. b5 {[%emt 0:09:07]} axb5 {[%emt 0:01:06]} 43. Bxb5 {[%emt 0:04:12]} Bd1 {[%emt 0:01:08]} 44. Be3 {[%emt 0:03:36]} Bxf3 {[%emt 0:13:05]} 45. Bxf4 {[%emt 0:00:47]} gxf4 {[%emt 0:02:14]} 46. Bc6 {[%emt 0:00:24]} bxc6 {[%emt 0:00:41]} 47. dxc6 {[%emt 0:00:02]} Bxe4 {[%emt 0:00:12]} 48. c7 {[%emt 0:00:54]} Bb7 {[%emt 0:00:04]} 49. c8=Q {[%emt 0:00:44]} Bxc8 {[%emt 0:00:04]} 50. Nxc8 {[%emt 0:00:04]} d5 {[%emt 0:00:09]} 51. a6 {[%emt 0:01:19]} Bc5 {[%emt 0:00:06]} 52. a7 {[%emt 0:00:55]} Bxa7 {[%emt 0:00:05]} 53. Nxa7 {[%emt 0:00:02]} Kf5 {[%emt 0:00:29]} 54. f3 {[%emt 0:01:52]} Ke6 {[%emt 0:02:01]} 55. Nb5 {[%emt 0:01:26]} Kd7 {[%emt 0:00:22]} 56. Kf2 {[%emt 0:01:44]} Kc6 {[%emt 0:00:06]} 57. Na3 {[%emt 0:00:26]} h3 {[%emt 0:02:47]} 58. Ke2 {[%emt 0:00:14]} Kc5 {[%emt 0:00:14]} 59. Kd3 {[%emt 0:00:19]} f5 {[%emt 0:00:13]} 60. Nc2 {[%emt 0:01:52]} d4 {[%emt 0:01:06]} 61. Na1 {[%emt 0:01:25]} Kd5 {[%emt 0:00:18]} 62. Nb3 {[%emt 0:00:16]} e4+ {[%emt 0:00:22]} 63. Kd2 {[%emt 0:01:01]} Kc4 {[%emt 0:02:06]} 64. Na5+ {[%emt 0:00:07]} Kd5 {[%emt 0:01:52]} 65. Nb3 {[%emt 0:00:05]} Kc4 {[%emt 0:00:16]} 66. Na5+ {[%emt 0:00:01]} Kd5 {[%emt 0:00:50]} 67. Nb3 {[%emt 0:00:02]} Kc4 {[%emt 0:00:24]} 68. Na5+ Kb4 69. Nc6+ Kc4 70. Na5+ Kb4 71. Nc6+ Kc5 72. Ne5 1/2-1/2

[Event "3rd Memorial Warakomska 2019"]
[Site "Suwalki"]
[Date "2019.08.06"]
[Round "2.45"]
[White "Checiak, Krzysztof"]
[Black "Sharankov, Grigory"]
[Result "0-1"]
[WhiteElo "2057"]
[BlackElo "2221"]
[Annotator "NA"]
[PlyCount "180"]
[EventDate "2019.08.05"]
[EventType "swiss"]
[EventCountry "POL"]
[SourceTitle "playchess.com"]
[Source "ChessBase"]
[SourceQuality "1"]
[TimeControl "40/5400+30:1800+30"]

1. e4 {[%emt 0:00:43]} e6 {[%emt 0:00:00]} 2. d4 {[%emt 0:00:16]} d5 {[%emt 0:00:00]} 3. exd5 {[%emt 0:00:53]} exd5 {[%emt 0:00:00]} 4. Bd3 {[%emt 0:00:19]} c5 {[%emt 0:00:24]} 5. Nf3 {[%emt 0:01:20]} Nc6 {[%emt 0:00:14]} 6. dxc5 {[%emt 0:00:28]} Bxc5 {[%emt 0:00:14]} 7. O-O {[%emt 0:00:57]} Nf6 {[%emt 0:01:00]} 8. Re1+ {[%emt 0:00:21]} Be6 {[%emt 0:01:44]} 9. Ng5 {[%emt 0:03:38]} O-O {[%emt 0:03:00]} 10. Be3 {[%emt 0:05:30]} Bd6 {[%emt 0:06:48]} 11. h3 {[%emt 0:01:36]} d4 {[%emt 0:09:03]} 12. Nxe6 {[%emt 0:01:06]} fxe6 {[%emt 0:00:01]} 13. Bg5 {[%emt 0:01:02]} Ne5 {[%emt 0:08:05]} 14. Nd2 {[%emt 0:04:29]} Rc8 {[%emt 0:21:13]} 15. Ne4 {[%emt 0:02:02]} Be7 {[%emt 0:01:47]} 16. Bxf6 {[%emt 0:00:33]} gxf6 {[%emt 0:00:51]} 17. Qh5 {[%emt 0:00:28]} Nxd3 {[%emt 0:07:00]} 18. cxd3 {[%emt 0:00:09]} f5 {[%emt 0:00:36]} 19. Nd2 {[%emt 0:00:17]} Rc6 {[%emt 0:06:40]} 20. Nc4 {[%emt 0:03:59]} Bf6 {[%emt 0:01:27]} 21. a4 {[%emt 0:00:30]} Qd5 {[%emt 0:02:10]} 22. b4 {[%emt 0:00:59]} Rc7 {[%emt 0:04:05]} 23. Qe2 {[%emt 0:00:42]} Re8 {[%emt 0:00:25]} 24. Rac1 {[%emt 0:00:56]} Rg7 {[%emt 0:01:18]} 25. f3 {[%emt 0:00:39]} Bg5 {[%emt 0:04:28]} 26. Rc2 {[%emt 0:00:16]} Bf4 {[%emt 0:00:17]} 27. Kh1 {[%emt 0:00:42]} Qd8 {[%emt 0:01:40]} 28. Nd2 {[%emt 0:10:20]} Bb8 {[%emt 0:01:37]} 29. Nf1 {[%emt 0:00:22]} Bd6 {[%emt 0:02:11]} 30. Rc4 {[%emt 0:00:27]} Qh4 {[%emt 0:03:18]} 31. Rec1 {[%emt 0:00:41]} Rge7 {[%emt 0:07:15]} 32. b5 {[%emt 0:05:06]} Kf7 {[%emt 0:00:37]} 33. a5 {[%emt 0:01:03]} Qf6 {[%emt 0:01:35]} 34. Rc8 {[%emt 0:11:43]} Qe5 {[%emt 0:00:55]} 35. Qxe5 {[%emt 0:05:44]} Bxe5 {[%emt 0:00:01]} 36. R8c4 {[%emt 0:00:33]} Rd8 {[%emt 0:00:40]} 37. Kg1 {[%emt 0:00:38]} Rd5 {[%emt 0:00:25]} 38. Rb1 {[%emt 0:02:03]} Bc7 {[%emt 0:04:00]} 39. b6 {[%emt 0:05:05]} axb6 {[%emt 0:00:01]} 40. axb6 {[%emt 0:00:00]} Bd8 {[%emt 0:00:00]} 41. Ng3 {[%emt 0:01:11]} Rd6 {[%emt 0:06:11]} 42. Rcb4 {[%emt 0:02:01]} Red7 {[%emt 0:00:32]} 43. Ne2 {[%emt 0:00:22]} e5 {[%emt 0:01:04]} 44. g3 {[%emt 0:01:01]} Rc6 {[%emt 0:05:48]} 45. f4 {[%emt 0:01:02]} Rc2 {[%emt 0:03:55]} 46. Kf1 {[%emt 0:00:27]} Bf6 {[%emt 0:02:39]} 47. fxe5 {[%emt 0:00:35]} Bxe5 {[%emt 0:00:01]} 48. R1b2 {[%emt 0:01:46]} Rc6 {[%emt 0:00:22]} 49. Rb5 {[%emt 0:00:32]} Kf6 {[%emt 0:04:04]} 50. Ra5 {[%emt 0:01:06]} Rg7 {[%emt 0:07:10]} 51. Rbb5 {[%emt 0:00:49]} Bxg3 {[%emt 0:01:54]} 52. Rxf5+ {[%emt 0:00:42]} Ke7 {[%emt 0:00:24]} 53. Rab5 {[%emt 0:07:59]} Bh2 {[%emt 0:02:57]} 54. Rf2 {[%emt 0:06:15]} Bg1 {[%emt 0:01:34]} 55. Rg2 {[%emt 0:02:57]} Rxg2 {[%emt 0:00:20]} 56. Kxg2 {[%emt 0:00:14]} Be3 {[%emt 0:00:02]} 57. Kf3 {[%emt 0:01:54]} Kd6 {[%emt 0:01:24]} 58. Ke4 {[%emt 0:00:24]} Rc5 {[%emt 0:00:25]} 59. Rb4 {[%emt 0:09:18]} Re5+ {[%emt 0:00:28]} 60. Kf3 {[%emt 0:00:08]} Rf5+ {[%emt 0:00:41]} 61. Kg4 {[%emt 0:01:22]} Rf2 {[%emt 0:00:40]} 62. Rb2 {[%emt 0:00:58]} Kc5 {[%emt 0:00:17]} 63. Kg3 {[%emt 0:01:18]} Rf6 {[%emt 0:00:30]} 64. Rc2+ {[%emt 0:02:27]} Kxb6 {[%emt 0:00:17]} 65. Rc4 {[%emt 0:00:06]} Rd6 {[%emt 0:00:49]} 66. Kf3 {[%emt 0:00:09]} Ka6 {[%emt 0:00:44]} 67. Ra4+ {[%emt 0:01:30]} Kb5 {[%emt 0:00:02]} 68. Rc4 {[%emt 0:00:11]} Ka6 {[%emt 0:00:39]} 69. Ra4+ {[%emt 0:00:18]} Kb5 {[%emt 0:00:16]} 70. Rc4 {[%emt 0:00:14]} Rd7 {[%emt 0:00:58]} 71. Nc3+ {[%emt 0:00:33]} Kb6 {[%emt 0:00:39]} 72. Na4+ {[%emt 0:00:26]} Ka5 {[%emt 0:00:18]} 73. Nc5 {[%emt 0:01:09]} Rf7+ {[%emt 0:00:01]} 74. Kg4 {[%emt 0:00:50]} b5 {[%emt 0:00:02]} 75. Nb3+ {[%emt 0:00:21]} Kb6 {[%emt 0:00:11]} 76. Rb4 {[%emt 0:00:36]} Rf2 {[%emt 0:00:45]} 77. h4 {[%emt 0:01:45]} Rb2 {[%emt 0:00:20]} 78. h5 {[%emt 0:01:17]} Bf2 {[%emt 0:01:15]} 79. Kf5 {[%emt 0:01:00]} Be1 {[%emt 0:00:01]} 80. Rxd4 {[%emt 0:01:37]} Rxb3 {[%emt 0:00:06]} 81. Rd6+ {[%emt 0:00:44]} Kc5 {[%emt 0:00:29]} 82. Rh6 {[%emt 0:00:38]} Rxd3 {[%emt 0:00:21]} 83. Rxh7 Bc3 84. h6 {[%emt 0:01:57]} Rh3 {[%emt 0:01:00]} 85. Kg4 {[%emt 0:00:25]} Rh1 {[%emt 0:00:07]} 86. Rc7+ {[%emt 0:00:06]} Kd4 {[%emt 0:00:12]} 87. h7 {[%emt 0:00:05]} b4 {[%emt 0:00:45]} 88. Rf7 {[%emt 0:00:36]} b3 {[%emt 0:00:27]} 89. Rf4+ {[%emt 0:01:15]} Kd3 {[%emt 0:00:31]} 90. Rf3+ {[%emt 0:00:06]} Kc4 0-1